O verejnosprávnej činnosti

Stručne o obsahu verejnosprávnej činnosti. Formy činnosti verejnej správy a ich klasifikácia.

Uložené v:
Podrobná bibliografia
Hlavný autor: Kukliš, Peter
Médium: Kapitola
Jazyk:Slovak
Predmet:
Tagy: Pridať tag
Žiadne tagy, Buďte prvý, kto otaguje tento záznam!

MARC

LEADER 00000naa a2200000 4500
001 0145112
005 20231208095514.1
041 0 |a slo 
044 |a SK 
245 1 0 |a O verejnosprávnej činnosti  |c Peter Kukliš 
520 |a Stručne o obsahu verejnosprávnej činnosti. Formy činnosti verejnej správy a ich klasifikácia. 
610 2 0 |a správa verejná 
610 2 0 |a Slovensko 
610 2 0 |a decentralizácia 
610 2 0 |a kompetencie 
100 1 |a Kukliš, Peter